HEALTH care & health care services in Nigeria
Gespeichert in:
| 1. Verfasser: | |
|---|---|
| Format: | Buch |
| Sprache: | Englisch |
| Veröffentlicht: |
Office of Research and Evaluation, African Development Foundation,
1989
|
| Tags: |
Tag hinzufügen
Keine Tags, Fügen Sie den ersten Tag hinzu!
|
MARC
| LEADER | 00000nam a22000007a 4500 | ||
|---|---|---|---|
| 008 | 210615b ||||| |||| 00| 0 eng d | ||
| 100 | |a edited by ERINOSHO, Olayiwola A. | ||
| 245 | |a HEALTH care & health care services in Nigeria |c edited by Olayiwola A. Erinosho. |e Working paper |f no.1 |g xii, 83p; ill. | ||
| 250 | |c edited by ERINOSHO, Olayiwola A. | ||
| 260 | |b Office of Research and Evaluation, African Development Foundation, |c 1989 |h [Washington, D.C. |i 688909 |l RA395 .H35 |m Medical care – Nigeria. |m Family planning services – Nigeria. |m Health services accessibility – Nigeria. | ||
| 942 | |a ddc |c BK |e YUNUSA, A.A. |f 15/6/21 | ||
| 952 | |0 0 |1 0 |2 lcc |4 0 |6 RA0395 H35 |7 0 |9 2588 |a HOL |b HOL |c QZ |d 2021-06-15 |l 0 |o RA395 .H35 |r 2021-06-15 00:00:00 |w 2021-06-15 |y BK | ||
| 999 | |c 1355 |d 1355 | ||